Natural rights theories. Their origin and development.

This book shows how political argument in terms of rights and natural rights began in medieval Europe, and how the theory of natural rights was developed in the seventeenth century after a period of neglect in the Renaissance. Dr Tuck provides a new understanding of the importance of Jean Gerson in...

সম্পূর্ণ বিবরণ

সংরক্ষণ করুন:
গ্রন্থ-পঞ্জীর বিবরন
প্রধান লেখক: Tuck, Richard (Author)
বিন্যাস: গ্রন্থ
ভাষা:ইংরেজি
প্রকাশিত: Cambridge, England: Cambridge University Press, 1981.
সংস্করন:First paperback edition.
বিষয়গুলি:
ট্যাগগুলো: ট্যাগ যুক্ত করুন
কোনো ট্যাগ নেই, প্রথমজন হিসাবে ট্যাগ করুন!

MARC

LEADER 00000nam a22000007a 4500
003 CL-VaPUC
005 20220822114440.0
008 220323t1981 ||||| |||| 00| 0 eng d
999 |c 435096  |d 435094 
020 |a 0-521-28509-7 (paperback) 
040 |c Pontificia Universidad Católica de Valparaíso 
082 |a 171.2 TUC 1981  |2 22 
100 |a Tuck, Richard  |9 344842  |e author 
245 |a Natural rights theories.   |b Their origin and development.  
250 |a First paperback edition.  
260 |a Cambridge, England:  |b Cambridge University Press,   |c 1981. 
300 |a viii, 185 páginas.  
500 |a c.1 Donación Familia Prof. Alejandro Guzmán Brito. 
520 |a This book shows how political argument in terms of rights and natural rights began in medieval Europe, and how the theory of natural rights was developed in the seventeenth century after a period of neglect in the Renaissance. Dr Tuck provides a new understanding of the importance of Jean Gerson in the formation of the theories, and of Hugo Grotius in their development; he also restores the Englishman John Selden's ideas to the prominence they once enjoyed, and shows how Thomas Hobbes's political theory can best be understood against this background. In general, the book enables us to understand more fully the characteristics of the natural rights theories available to the men of the Enlightenment, and thereby to appreciate the complexity and equivocal nature of modern right theories.  
583 |c 20220323  |k Yessy Stephany Diaz Vidal 
650 |a Derecho natural   |x Historia  |9 869335 
942 |2 ddc  |c BK  |n 0 
952 |0 0  |1 0  |2 ddc  |4 0  |6 171_200000000000000_TUC_1981  |7 0  |8 C_AGB  |9 582103  |a BIBDER  |b BIBDER  |d 2022-03-23  |e Donación   |i 5650342  |o 171.2 TUC 1981  |p 5650342  |r 2023-01-25  |t 1  |w 2022-03-23  |y BK_US  |k AGB